Guess the One Direction song with no hints #4 - Statistics

General Stats
  • This quiz has been taken 3,489 times
  • The average score is 204 of 296
Answer Stats
Answer % Correct
I
99%
you
98%
You
98%
a
97%
me
92%
the
91%
and
89%
we
88%
do
86%
when
84%
to
83%
no
80%
Baby,
79%
baby,
79%
it,
79%
it
79%
don't
78%
Don't
78%
in
78%
sh-
78%
oh,
77%
Oh
77%
oh
77%
what
77%
go,
76%
go
76%
is
75%
know
73%
where
73%
Just
71%
just
71%
all
70%
for
69%
For
69%
I'm
69%
so
69%
my
68%
that
68%
but
67%
memories
67%
Midnight
67%
never
67%
this
66%
tell
65%
Tell
65%
how
64%
night
64%
too
64%
Way
64%
way
64%
our
63%
say
62%
could
61%
friends
61%
down,
60%
street
60%
with
59%
hotel
58%
new
58%
People
58%
people
58%
at
57%
care
57%
Singin',
57%
singin',
57%
singin'
57%
much
56%
Now
56%
One,
56%
Straight
56%
many
55%
plane
55%
wanna
55%
off
54%
talk
54%
kitchen
53%
listen
53%
spend
53%
Addison
52%
three
52%
two,
52%
(yeah)
52%
going
51%
look
51%
need,
51%
party
51%
tonight
51%
let's
50%
wrong
50%
back,
49%
crowded
49%
day
49%
touched
49%
making
48%
please
47%
pretend
47%
sense
47%
big
46%
give
46%
house
46%
Lee
46%
more
46%
age
45%
finding
45%
Same
45%
different
44%
jeans
44%
nothing's
44%
old
44%
(shh)
44%
skinny
44%
stop
44%
follow
43%
something
43%
Stumblin'
43%
whoa
42%
Five
41%
foot
40%
Anywhere
38%
Ah,
22%
Chorus
22%
Bridge
14%
(ayy)
3%
No matching quizzes found
Score Distribution
Percent of People with Each Score
Percentile by Number Answered
Your Score History
You have not taken this quiz